American international encyclopedia : a comprehensive reference work . vol. III : Bo - Ca

Guardado en:
Detalles Bibliográficos
Formato: Sách giấy
Lenguaje:English
Publicado: New York : J.J. Little and Ives Company , 1950
Etiquetas: Agregar Etiqueta
Sin Etiquetas, Sea el primero en etiquetar este registro!
Thư viện lưu trữ: Thư viện Trường Đại học Đà Lạt
LEADER 00593nam a2200241 4500
001 DLU020017240
005 ##3/23/2001
020 # # |a 978- 
041 # # |a eng 
082 # # |a 031  |b Ame 
245 # # |a American international encyclopedia :  |b a comprehensive reference work .  |n vol. III :  |p Bo - Ca 
260 # # |a New York :  |b J.J. Little and Ives Company ,  |c 1950 
300 # # |a 320 tr., X;   |c 22 cm. 
992 # # |a 0 
994 # # |a DLU 
998 # # |a TK 
900 # # |a False 
911 # # |a Administrator 
925 # # |a G 
926 # # |a A 
927 # # |a SH 
980 # # |a Thư viện Trường Đại học Đà Lạt